LEADER 01532nam a2200253 4500 001 000000356736 003 CaOOAMICUS 005 20240112145642.0 008 240112s2016 it a 000 u eng r 040 $aSeMil$bita 100 1 $aPieroni, Vittorio,$d<1971- >.$0(OLS)http://semarc/name/56118 245 10$aTurriculate gastropods (Coelostylinidae) from the Esino limestone outcrop (Ladinian, Lombardy) of the Stoppani Collection housed at the Museo civico di Storia naturale, Milan (Italy) /$cVittorio Pieroni. 264 1$aMilano :$b[s.n.],$c2016. 300 $aP. 41-49 :$bill. ;$c30 cm 500 $aEstratto da: Natural history sciences. Atti della Società italiana di scienze naturali del Museo civico di Storia naturale di Milano, 3 (2), 2016. 650 4$aMilano - Museo Civico di Storia Naturale - Collezione Stoppani.$0(OLS)http://semarc/subject/54920 650 4$aGasteropodi - Paleontologia.$0(OLS)http://semarc/subject/54919 650 4$aCalcare di Esino - Triassico.$0(OLS)http://semarc/subject/54915 850 $aSeMil 852 $aSeMil$W1$xVenegono$y1$m5B XI 8/29$j245583$B247925$CSeMilBibl$Z2$F247925 $81 961 $aPieroni, Vittorio - Omaggio 996 $6245$aTurriculate gastropods (Coelostylinidae) from the Esino limestone outcrop (Ladinian, Lombardy) of the Stoppani Collection housed at the Museo civico di Storia naturale, Milan (Italy)$9(OLS)http://semarc/title/446992 996 $6264$aMilano :$b[s.n.]$9(OLS)http://semarc/publisher/29709 LEADER 00712nam a2200193 i 4500 001 000000169812 003 CaOOAMICUS 005 20080303000000.0 008 080303s1914 it u000 u ita u 013 $a147216 040 $aSeMil$bita 100 1 $aPanzacchi, Enrico,$d<1840-1904>.$0(OLS)http://semarc/name/36857 245 10$aConferenze e discorsi /$cEnrico Panzacchi. 260 $aSesto S. Giovanni :$bMadella,$c1914. 300 $a263 p. ;$c20 cm. 850 $aSeMil 852 $aSeMil$W1$xVenegono$y1$m1S IV 33$j120716$B120716$CSeMilBibl$Z2$F132107 $81 996 $6245$aConferenze e discorsi$9(OLS)http://semarc/title/232240 996 $6260$aSesto S. Giovanni :$bMadella$9(OLS)http://semarc/publisher/35062